00996nam a2200253 a 450000100100000000500170001000800410002702000180006804000250008608200190011110000380013024500860016826000680025430000280032249000250035050000770037559000260045265000280047865000310050670000390053783000320057695201170060899900170072500004105620240412074300.0130916s2007 sp a 000 p spa d a9788447709793 aDO-SdBNPbspacBNPHU aRD861.44bO77t1 aOrtíz de Machuca, Teresa92571310aTemblor del árbol /cTeresa Ortíz de Machuca; prólogo de Ángeles Cardona. aBarcelona :bPromociones y Publicaciones Universitarias,c2007. a120 p. :bil. ;c21 cm.1 aPoesía hispánica aIncluye datos biográficos del autor en la solapa de la contracubierta. aInventariado, 2018/LP 0aPoesía dominicana966 0aLiteratura dominicana.96712aCardona, Ángelesepról.925714 0aPoesía hispánica967545 001050718MOaGRbGRcHDd2013-09-16iLF1l0oRD861.44 O77tp41056-10r2020-06-25w2020-06-25y1ZNo se presta c40546d40546